000 00480nam a22001697a 4500
999 _c526382
_d526382
003 NUST
020 _qH/B
038 _awaseem
082 _a954.4
_bCHE
100 _aChenna, Muhammad Ahsan
_917382
245 _aGujarat aur Shadula Wali /
_cMuhammad Ahsan Chenna
260 _aGujarat :
_bKhuram Ahsan,
_c2010.
300 _a176 p. ;
880 _6100-01\r
_aمحمد احسان چھینہ
880 _6245-02\r
_aگجرات اور شاہدولہ ولی /
942 _2ddc
_cBK